MARC details
| 000 -LEADER |
| fixed length control field |
02164nam a2200589 i 4500 |
| 001 - CONTROL NUMBER |
| control field |
991052889971105066 |
| 003 - CONTROL NUMBER IDENTIFIER |
| control field |
NyNyJPI |
| 005 - DATE AND TIME OF LATEST TRANSACTION |
| control field |
20260413194153.0 |
| 008 - FIXED-LENGTH DATA ELEMENTS--GENERAL INFORMATION |
| fixed length control field |
210428s2021 pl abch |001 0 pol c |
| 009 - PHYSICAL DESCRIPTION FIXED-FIELD FOR ARCHIVAL COLLECTION (VM) [OBSOLETE] |
| fixed length control field |
b1000000950578 |
| 015 ## - NATIONAL BIBLIOGRAPHY NUMBER |
| National bibliography number |
UWD 2021/14030 |
| 020 ## - INTERNATIONAL STANDARD BOOK NUMBER |
| International Standard Book Number |
9788365248534 |
| Qualifying information |
(oprawa miękka) |
| 020 ## - INTERNATIONAL STANDARD BOOK NUMBER |
| Canceled/invalid ISBN |
9788365248541 |
| Qualifying information |
(e-book) |
| 035 ## - SYSTEM CONTROL NUMBER |
| System control number |
(PL)b1000000950578 |
| 035 ## - SYSTEM CONTROL NUMBER |
| System control number |
(EXLNZ-48OMNIS_NETWORK)9912033170305606 |
| 040 ## - CATALOGING SOURCE |
| Original cataloging agency |
WA N |
| Transcribing agency |
WA N |
| Modifying agency |
WA N |
| -- |
KR U |
| -- |
WA N |
| -- |
LUBL KUL |
| -- |
WA N |
| -- |
KR 295 |
| 041 1# - LANGUAGE CODE |
| Language code of text/sound track or separate title |
pol |
| Language code of original |
eng |
| 045 1# - TIME PERIOD OF CONTENT |
| Formatted 9999 B.C. through C.E. time period |
d1791 |
| 046 ## - SPECIAL CODED DATES |
| Beginning or single date created |
2021 |
| 080 ## - UNIVERSAL DECIMAL CLASSIFICATION NUMBER |
| Field link and sequence number |
1.1\x |
| Universal Decimal Classification number |
94(438).06"1788/1792" |
| 080 ## - UNIVERSAL DECIMAL CLASSIFICATION NUMBER |
| Field link and sequence number |
1.2\x |
| Universal Decimal Classification number |
342.4(438) |
| 084 ## - OTHER CLASSIFICATION NUMBER |
| Classification number |
01 |
| 100 1# - MAIN ENTRY--PERSONAL NAME |
| Personal name |
Butterwick, Richard |
| Dates associated with a name |
(1968- ) |
| Relator term |
Autor |
| 245 10 - TITLE STATEMENT |
| Title |
Konstytucja 3 Maja : |
| Remainder of title |
testament Rzeczypospolitej Obojga Narodów / |
| Statement of responsibility, etc. |
Richard Butterwick ; z angielskiego przełożył Tomasz Gromelski. |
| 246 1# - VARYING FORM OF TITLE |
| Display text |
Tytuł oryginału: |
| Title proper/short title |
The Constitution of 3 May 1791 : |
| Remainder of title |
testament of the Polish-Lithuanian Commonwealth, |
| Date or sequential designation |
2021 |
| 246 30 - VARYING FORM OF TITLE |
| Title proper/short title |
Testament Rzeczypospolitej Obojga Narodów |
| 250 ## - EDITION STATEMENT |
| Edition statement |
Pierwsze wydanie. |
| 260 ## - PUBLICATION, DISTRIBUTION, ETC. |
| Place of publication, distribution, etc. |
Warszawa : |
| Name of publisher, distributor, etc. |
Muzeum Historii Polski, |
| Date of publication, distribution, etc. |
2021. |
| 300 ## - PHYSICAL DESCRIPTION |
| Extent |
189, [1] strona : |
| Other physical details |
faksymilia, fotografie, ilustracje, mapy, portrety ; |
| Dimensions |
21 cm. |
| 336 ## - CONTENT TYPE |
| Content type term |
Tekst |
| Content type code |
txt |
| Source |
rdacontent |
| 337 ## - MEDIA TYPE |
| Media type term |
Bez urządzenia pośredniczącego |
| Media type code |
n |
| Source |
rdamedia |
| 338 ## - CARRIER TYPE |
| Carrier type term |
Wolumin |
| Carrier type code |
nc |
| Source |
rdacarrier |
| 380 ## - FORM OF WORK |
| Form of work |
Książki |
| 380 ## - FORM OF WORK |
| Form of work |
Publikacje naukowe |
| 388 1# - TIME PERIOD OF CREATION |
| Time period of creation term |
2001- |
| 504 ## - BIBLIOGRAPHY, ETC. NOTE |
| Bibliography, etc. note |
Bibliografia na stronach 171-177. Indeks. |
| 600 07 - SUBJECT ADDED ENTRY--PERSONAL NAME |
| Personal name |
Stanisław August Poniatowski |
| Titles and other words associated with a name |
(król Polski ; |
| Dates associated with a name |
1732-1798) |
| Source of heading or term |
DBN |
| 610 27 - SUBJECT ADDED ENTRY--CORPORATE NAME |
| Corporate name or jurisdiction name as entry element |
Sejm (1788-1792) |
| Source of heading or term |
DBN |
| 610 20 - SUBJECT ADDED ENTRY--CORPORATE NAME |
| Corporate name or jurisdiction name as entry element |
Poland. |
| Title of a work |
Konstytucja (1791) |
| 630 07 - SUBJECT ADDED ENTRY--UNIFORM TITLE |
| Uniform title |
Konstytucja Polski (1791) |
| Source of heading or term |
DBN |
| 648 #7 - SUBJECT ADDED ENTRY--CHRONOLOGICAL TERM |
| Chronological term |
1701-1800 |
| Source of heading or term |
DBN |
| 650 #7 - SUBJECT ADDED ENTRY--TOPICAL TERM |
| Topical term or geographic name entry element |
Oświecenie |
| Source of heading or term |
DBN |
| 650 #7 - SUBJECT ADDED ENTRY--TOPICAL TERM |
| Topical term or geographic name entry element |
Prawo konstytucyjne |
| Source of heading or term |
DBN |
| 651 #7 - SUBJECT ADDED ENTRY--GEOGRAPHIC NAME |
| Geographic name |
Polska |
| Source of heading or term |
DBN |
| 651 #7 - SUBJECT ADDED ENTRY--GEOGRAPHIC NAME |
| Geographic name |
Wielkie Księstwo Litewskie |
| Source of heading or term |
DBN |
| 651 #0 - SUBJECT ADDED ENTRY--GEOGRAPHIC NAME |
| Geographic name |
Poland |
| General subdivision |
Politics and government |
| Chronological subdivision |
1763-1796 |
| 655 #7 - INDEX TERM--GENRE/FORM |
| Genre/form data or focus term |
Monografia |
| Source of term |
DBN |
| 658 ## - INDEX TERM--CURRICULUM OBJECTIVE |
| Main curriculum objective |
Historia |
| 700 1# - ADDED ENTRY--PERSONAL NAME |
| Personal name |
Gromelski, Tomasz |
| Relator term |
Tłumaczenie |
| 710 2# - ADDED ENTRY--CORPORATE NAME |
| Corporate name or jurisdiction name as entry element |
Muzeum Historii Polski (Warszawa) |
| Relator term |
Wydawca |
| Relationship |
pbl |
| 942 ## - ADDED ENTRY ELEMENTS (KOHA) |
| Source of classification or shelving scheme |
Other/Generic Classification Scheme |
| Koha item type |
Books |
| Suppress in OPAC |
No |